000 00299nam a22001217a 4500
999 _c13966
_d13966
020 _a9786277626198
082 _a954
100 _aIshrat Hussain
245 _aDevelopment Pathways: India, Pakistani, Bangladesh 1947 - 2022
260 _aKarachi
_bLiberty
_c2023
300 _a469 pages
942 _cBK